000 01044nab a22002537a 4500
999 _c5617
_d5617
003 OSt
005 20251222122437.0
008 190429b xxu||||| |||| 00| 0 spa d
040 _cPJ
100 _96591
_aCerutti, Nahuel Eduardo
245 1 3 _aLos alcances de la verdad en un sistema de garantías /
_cNahuel Eduardo Cerutti.
260 _cCiudad Autónoma de Buenos Aires :
_aThomson Reuters La Ley,
_b2025.
300 _ap. 5-14
500 _aCita: TR LALEY AR/DOC/1907/2025.
505 _aSumario: I. Introducción.— II. Desarrollo.— III. Conclusión.
505 _tSi te interesa el texto completo, solicitalo a koha@justierradelfuego.gov.ar
650 0 _9343
_aDERECHO PENAL
650 0 _9614
_aDERECHOS HUMANOS
650 0 _9179
_aGARANTIAS CONSTITUCIONALES ›
650 0 _96592
_aDERECHO A LA VERDAD
650 0 _9180
_aDEBIDO PROCESO
773 0 _02658
_93164
_tRevista de derecho penal y criminología. Nº8 - Septiembre 2025
_dCiudad Autónoma de Buenos Aires : Thomson Reuters La Ley, 2017-
_x00347914
942 _2udc
_cANA